000 01290aam a2200337 i 4500
999 _c45380
_d45380
001 768714001
003 CO-MdFUSB
005 20200527195133.0
007 ta
008 200527t1987 enka|||| |||| 00| 0 eng d
020 _a0567291340
040 _bspa.
_aCO-MdFUSB
_cCO-MdFUSB
_dCO-MdFUSBC
_erda
041 _aeng
_hger
082 0 4 _223
_a248.4
_bK689
100 1 _aKüng, Hans
_eautor
240 _a Woran man sich halten kann
245 1 0 _aWhy I am still a Christian
_c/ Hans Küng ; traducido por E. C. Hughes
264 1 _aEdinburgh, Scotland :
_bT y T CLARK,
_c[1987]
264 4 _c© 1987
300 _a82 páginas
_c; 19 cm
336 _atexto
_btxt
_2rdacontent
337 _2rdamedia
_asin mediación
_bn
338 _2rdacarrier
_avolumen
_bnc
505 _aCompromiso cristiano en una sociedad desorientada - Cristianismo nominal y verdadero cristianismo - ¿Por qué el compromiso cristiano? - ¿De dónde viene mi compromiso cristiano? - ¿Qué significa el compromiso cristiano en la práctica? - Oportunidades para cristianos - ¿Cómo perseveramos? - ¿Está dividido Cristo?
563 _aRústico
650 0 _919
_aVida cristiana
700 _93964
_aHughes, Everett C.,
_etraductor
942 _cBK
945 _aJTF-925